| 000 | 02129nam a22003497a 4500 | ||
|---|---|---|---|
| 005 | 20081003095653.0 | ||
| 008 | 081003t xxu||||| |||| 00| 0 hin d | ||
| 010 | _aHIN-84264 | ||
| 020 | _c100.00 | ||
| 035 | _aHN-56610 | ||
| 037 | _bDBAD / VEN | ||
| 040 |
_aDPL _bHN |
||
| 082 | _a615.854 | ||
| 100 | _aचौहान, गणेश नारायण | ||
| 245 |
_aगाजर, मूली और टमाटर: _cगणेश नारायण चौहान _b(रस के द्वारा चिकित्सा) / |
||
| 246 |
_aGaajara,muli aur tamaatara : ( rasa ke dwaaraa chikitsa ) _bby Ganesh Narayan Chauhan |
||
| 260 |
_aजयपुर _bनारायण प्रकाशन _c2005 |
||
| 270 |
_aजी-15, एस.एस. टॉवर्स, धामाणी स्ट्रीट, चौड़ा रास्ता _bजयपुर _e302003 _k0141 2325965 |
||
| 300 |
_a79पृ _c22सेमी (सजिल्द) |
||
| 500 | _aपढ़ें और घर का डॉक्टर बनें | ||
| 650 |
_aफलों का रस _xचिकित्सकीय उपयोग |
||
| 650 |
_aFruit juicies _xTherapeutic use |
||
| 650 |
_aसब्जियों का रस _xचिकित्सकीय उपयोग |
||
| 650 |
_aVegetable juicies _xTherapeutic use |
||
| 650 |
_aकच्चे खाद्य पदार्थ _xचिकित्सकीय उपयोग |
||
| 650 |
_aRaw food _xTherapeutic use |
||
| 650 |
_aचिकित्सा कच्चे खाद्य पदार्थों के रस द्वारा प्राकृतिक उपचार _xचिकित्सकीय उपयोग |
||
| 650 |
_aMedicine natural remedies raw juicies _xTherapeutic use |
||
| 942 |
_2ddc _cHN _mचौहान _h615.854 |
||
| 999 |
_c16156 _d16156 |
||